[Event "FIDE Women's Grand Swiss"]
[Site "Samarkand UZB"]
[Date "2025.09.06"]
[Round "3.23"]
[White "Osmak, Yuliia"]
[Black "Kiolbasa, Oliwia"]
[Result "1/2-1/2"]
[WhiteTitle "IM"]
[BlackTitle "IM"]
[WhiteElo "2478"]
[BlackElo "2405"]
[WhiteFideId "14101602"]
[BlackFideId "1154613"]
[EventDate "2025.09.04"]

1. d4 Nf6 2. c4 e6 3. Nc3 Bb4 4. Qc2 c5 5. dxc5 O-O 6. Bf4 Na6 7. Nf3 Nxc5 8. e3
Nfe4 9. Bd3 f5 10. O-O Bxc3 11. bxc3 g5 12. Bg3 b6 13. Bxe4 Nxe4 14. Nd2 Nxg3
15. fxg3 Qc7 16. g4 Qc5 17. gxf5 exf5 18. Qd3 Ba6 19. Kh1 Rf7 20. Rf3 Rc8 21.
Qc2 Bb7 22. Rg3 g4 23. e4 h5 24. exf5 Qxf5 25. Qxf5 Rxf5 26. Rd1 Re8 27. Nf3
Rxf3 28. gxf3 Bxf3+ 29. Rxf3 gxf3 30. Kg1 Re2 31. a4 Rg2+ 32. Kf1 Rxh2 33. Rxd7
Rc2 34. Rd3 Ra2 35. c5 bxc5 36. Rxf3 h4 37. Rf4 h3 38. Kg1 Kg7 39. Rf5 c4 40.
Ra5 Ra3 41. Rxa7+ Kf6 42. a5 Ke5 43. a6 Kd6 44. Ra8 Kc7 45. a7 Kb7 46. Rh8 Kxa7
47. Rxh3 Kb6 48. Kf2 Kb5 49. Ke2 Ka4 50. Kd2 Kb3 51. Rh8 Ra2+ 52. Kc1 Ra1+ 53.
Kd2 Ra2+ 54. Kc1 Re2 55. Rc8 Rf2 56. Rc7 Rf3 57. Rc8 Rg3 58. Rc7 Re3 59. Rc8 Rd3
60. Rc7 Rh3 61. Rc8 Rh4 62. Kd2 Rh2+ 63. Kc1 Rg2 64. Rc7 Rf2 65. Rc8 Kxc3 66.
Kb1 Rf1+ 67. Ka2 Kd3 68. Kb2 Rf2+ 69. Kc1 Kc3 70. Kb1 Rb2+ 71. Kc1 Rb4 72. Rh8
Rb7 73. Rh3+ Kb4 74. Kc2 Rg7 75. Rf3 Rg2+ 76. Kc1 Kc5 77. Rh3 Rf2 78. Rh5+ Kd4
79. Rh4+ Kd3 80. Rh3+ Ke4 81. Rh4+ Kd3 82. Rh3+ Kd4 83. Rh4+ Kc3 84. Rh3+ Kb4
85. Rg3 Ra2 86. Rh3 Re2 87. Rg3 Kc5 88. Rg5+ Kd4 89. Rg4+ Re4 90. Rxe4+ Kxe4 91.
Kc2 Kd4 92. Kd2 c3+ 93. Kc2 Kc4 94. Kc1 Kb3 95. Kb1 c2+ 96. Kc1 Kc3 1/2-1/2

[Event "FIDE Women's Grand Swiss"]
[Site "Samarkand UZB"]
[Date "2025.09.06"]
[Round "3.24"]
[White "Javakhishvili, Lela"]
[Black "Kaliakhmet, Elnaz"]
[Result "1/2-1/2"]
[WhiteTitle "IM"]
[BlackTitle "WIM"]
[WhiteElo "2434"]
[BlackElo "2299"]
[WhiteFideId "13601458"]
[BlackFideId "13730169"]
[EventDate "2025.09.04"]

1. d4 d5 2. c4 e6 3. Nf3 Nf6 4. Nc3 c6 5. Bg5 h6 6. Bxf6 Qxf6 7. e3 Nd7 8. Bd3
dxc4 9. Bxc4 g6 10. O-O Bg7 11. Re1 O-O 12. e4 b5 13. Bb3 Bb7 14. e5 Qe7 15. Rc1
Rfd8 16. Qe2 c5 17. Nxb5 Bxf3 18. Qxf3 cxd4 19. Nxd4 Nxe5 20. Qe4 Nd3 21. Qxd3
Rxd4 22. Qe2 Rad8 23. Rcd1 Qb4 24. Rxd4 Rxd4 25. Rd1 Re4 26. Qd3 Bxb2 27. g3 Rd4
28. Qe2 Rxd1+ 29. Qxd1 Bd4 30. Kg2 a5 31. h4 h5 32. Qe2 a4 33. Bc2 e5 34. Be4
Kg7 35. Qc2 Qe1 36. Bd3 f5 37. Qe2 Qb4 38. Qc2 Qb7+ 39. f3 a3 40. Qb1 Qd5 41.
Qc2 Bb6 42. Qe2 Qd4 43. Kh3 Qa1 44. Qg2 Qe1 45. Qf1 Qc3 46. Qe2 Bd4 47. Qf1 Kf6
48. Qd1 Kg7 49. Qf1 Qb2 50. Bc4 Qb7 51. Qd3 Qe7 52. Bb3 Qd7 53. Qc4 e4 54. Qg8+
Kh6 55. fxe4 fxe4+ 56. Qe6 Qxe6+ 57. Bxe6 Kg7 58. Bd5 e3 59. Bc4 Kf6 60. Kg2 Be5
61. Kf3 Ke7 62. Bd3 1/2-1/2

[Event "FIDE Women's Grand Swiss"]
[Site "Samarkand UZB"]
[Date "2025.09.06"]
[Round "3.25"]
[White "Nassr, Lina"]
[Black "Shukhman, Anna"]
[Result "0-1"]
[WhiteTitle "WIM"]
[BlackTitle "WGM"]
[WhiteElo "2060"]
[BlackElo "2420"]
[WhiteFideId "7908075"]
[BlackFideId "54180058"]
[EventDate "2025.09.04"]

1. Nf3 Nf6 2. e3 g6 3. d4 Bg7 4. c4 O-O 5. Nc3 d5 6. cxd5 Nxd5 7. e4 Nxc3 8.
bxc3 c5 9. h3 Nc6 10. e5 Qa5 11. Bd2 Rd8 12. Qb3 Be6 13. Bc4 Bxc4 14. Qxc4 Rac8
15. O-O b5 16. Qb3 Qb6 17. Be3 Na5 18. Qb1 Nc4 19. a4 Nxe3 20. fxe3 b4 21. a5
Qb5 22. cxb4 cxb4 23. Ng5 Rf8 24. Qe4 Bh6 25. Qh4 Kg7 26. Rae1 Bxg5 27. Qxg5 Rc7
28. Qf4 Qd5 29. Rf2 Qxa5 30. Ref1 Qd5 31. e6 Rc6 32. exf7 Rf6 33. Qc7 R8xf7 34.
Rxf6 exf6 35. Qc5 Qxc5 36. dxc5 Rc7 37. Ra1 Kf7 38. Ra4 Ke6 39. Rxb4 Kd5 40. Rb8
Kxc5 41. Rf8 f5 42. g4 fxg4 43. hxg4 a5 44. Ra8 Kb6 45. Kf2 Ra7 46. Rb8+ Kc5 47.
Kf3 a4 48. Rc8+ Kd6 49. Rd8+ Ke6 50. Rd1 a3 51. Ra1 a2 52. Kf4 h6 53. Kg3 Ke5
54. Kf3 Ra3 55. Kg2 Ke4 56. Kf2 h5 57. gxh5 gxh5 58. Ke2 Rxe3+ 59. Kd2 Ra3 60.
Kc2 h4 0-1

[Event "FIDE Women's Grand Swiss"]
[Site "Samarkand UZB"]
[Date "2025.09.06"]
[Round "3.26"]
[White "Danielian, Elina"]
[Black "Kulon, Klaudia"]
[Result "1-0"]
[WhiteTitle "GM"]
[BlackTitle "IM"]
[WhiteElo "2405"]
[BlackElo "2361"]
[WhiteFideId "13300210"]
[BlackFideId "1131044"]
[EventDate "2025.09.04"]

1. d4 Nf6 2. c4 g6 3. Nc3 d5 4. cxd5 Nxd5 5. Bd2 c5 6. dxc5 Bg7 7. Qa4+ Bd7 8.
Qa3 Nf6 9. Nf3 O-O 10. g3 Bc6 11. Bg2 e5 12. Rd1 Qe7 13. O-O Nbd7 14. Be3 b6 15.
Rd6 Rfc8 16. Rfd1 bxc5 17. Qa6 Nb6 18. Rxc6 Rxc6 19. Nxe5 Rcc8 20. Bxa8 Rxa8 21.
Nc4 Qe6 22. Nxb6 Qxb6 23. Qxb6 axb6 24. Rd6 Ng4 25. Bf4 Bd4 26. Rxb6 Nxf2 27.
Kg2 Bxc3 28. Kxf2 Bg7 29. Rb8+ Rxb8 30. Bxb8 Bxb2 31. a4 c4 32. Ke3 Bc3 33. Bc7
Kf8 34. a5 Ke7 35. a6 Bb4 36. Bb6 c3 37. Kd3 1-0

[Event "FIDE Women's Grand Swiss"]
[Site "Samarkand UZB"]
[Date "2025.09.06"]
[Round "3.27"]
[White "Gunina, Valentina"]
[Black "Manko, Mariia"]
[Result "1-0"]
[WhiteTitle "GM"]
[BlackTitle "WIM"]
[WhiteElo "2418"]
[BlackElo "2313"]
[WhiteFideId "4167570"]
[BlackFideId "14199220"]
[EventDate "2025.09.04"]

1. e4 c5 2. Nf3 Nc6 3. Bb5 g6 4. O-O Bg7 5. Re1 Nf6 6. e5 Nd5 7. Nc3 Nc7 8. Bxc6
dxc6 9. h3 O-O 10. d3 Be6 11. Bf4 Bd5 12. Ng5 h6 13. Nge4 Ne6 14. Bh2 b6 15. Qd2
Qd7 16. Rad1 Rad8 17. Ng3 f5 18. Nge2 g5 19. f4 Qe8 20. Nxd5 cxd5 21. d4 Qh5 22.
c3 Kh8 23. Rf1 Rf7 24. Qc2 Qg6 25. c4 cxd4 26. Nxd4 Nxf4 27. Bxf4 gxf4 28. Nf3
d4 29. Qe2 Qc6 30. Nxd4 Qc5 31. b4 Qxe5 32. Qxe5 Bxe5 33. Nc6 Rxd1 34. Rxd1 Bd6
35. Rd5 f3 36. gxf3 Rg7+ 37. Kf1 Rg3 38. Rxf5 Rxh3 39. c5 bxc5 40. bxc5 Bc7 41.
Nxe7 Rh1+ 42. Ke2 Rh2+ 43. Kd3 Rxa2 44. Nd5 Bg3 45. Rf7 Kg8 46. Rd7 h5 47. c6 h4
48. f4 Ra3+ 49. Ke4 Ra4+ 50. Kf5 Rc4 51. Nf6+ Kf8 52. Kg6 1-0

[Event "FIDE Women's Grand Swiss"]
[Site "Samarkand UZB"]
[Date "2025.09.06"]
[Round "3.28"]
[White "Gomez Barrera, Javiera Belen"]
[Black "Tokhirjonova, Gulrukhbegim"]
[Result "0-1"]
[WhiteTitle "WIM"]
[BlackTitle "IM"]
[WhiteElo "2169"]
[BlackElo "2372"]
[WhiteFideId "3418723"]
[BlackFideId "14203626"]
[EventDate "2025.09.04"]

1. e4 c6 2. d4 d5 3. e5 Bf5 4. h4 Qc7 5. Nc3 h5 6. Bd3 Bxd3 7. Qxd3 e6 8. Nf3 a6
9. Ne2 c5 10. c3 Nc6 11. O-O Nge7 12. Bd2 Nf5 13. Ng3 Nce7 14. Nxf5 Nxf5 15. b4
cxb4 16. cxb4 Be7 17. Rfc1 Qd7 18. g3 O-O 19. Rc2 Rfc8 20. Rac1 b5 21. Rxc8+
Rxc8 22. Rxc8+ Qxc8 23. Bc3 Qc4 24. Qd2 a5 25. bxa5 Qa4 26. Qb2 b4 27. Bd2 Qxa5
28. Ne1 Qb5 29. Nf3 Qe2 30. Qb3 Nxd4 31. Nxd4 Qxd2 32. Nf3 Qe2 33. Nd4 Qxe5 34.
Qd3 Bc5 0-1

[Event "FIDE Women's Grand Swiss"]
[Site "Samarkand UZB"]
[Date "2025.09.07"]
[Round "4.1"]
[White "Wagner, Dinara"]
[Black "Vaishali, Rameshbabu"]
[Result "1/2-1/2"]
[WhiteTitle "IM"]
[BlackTitle "GM"]
[WhiteElo "2400"]
[BlackElo "2452"]
[WhiteFideId "24157570"]
[BlackFideId "5091756"]
[EventDate "2025.09.04"]

1. d4 Nf6 2. c4 g6 3. Nc3 d5 4. cxd5 Nxd5 5. e4 Nxc3 6. bxc3 Bg7 7. Nf3 c5 8.
Be2 Nc6 9. d5 Bxc3+ 10. Bd2 Bxa1 11. Qxa1 Nd4 12. Nxd4 cxd4 13. O-O O-O 14. Qxd4
Qb6 15. Qe5 Qd6 16. Qb2 Qb6 17. Qa3 Qd4 18. Bb4 Qxe4 19. Bf3 Qf5 20. Bxe7 Re8
21. h3 Bd7 22. Rd1 Rac8 23. d6 a5 24. Bxb7 Qc2 25. Re1 Qd2 26. Qe3 Qxe3 27. Rxe3
Rc1+ 28. Kh2 Rc2 29. Rf3 Re2 30. Bd5 R2xe7 31. dxe7 1/2-1/2

[Event "FIDE Women's Grand Swiss"]
[Site "Samarkand UZB"]
[Date "2025.09.07"]
[Round "4.2"]
[White "Lagno, Kateryna"]
[Black "Song, Yuxin"]
[Result "1-0"]
[WhiteTitle "GM"]
[BlackTitle "IM"]
[WhiteElo "2505"]
[BlackElo "2409"]
[WhiteFideId "14109336"]
[BlackFideId "8614300"]
[EventDate "2025.09.04"]

1. e4 c5 2. Nf3 e6 3. d4 cxd4 4. Nxd4 Nc6 5. Nc3 Nf6 6. a3 d6 7. Be3 Be7 8. Nb3
a6 9. f4 b5 10. g4 Nd7 11. Qd2 h6 12. O-O-O Bb7 13. Kb1 Rc8 14. h4 Na5 15. Nxa5
Qxa5 16. Bd3 e5 17. g5 h5 18. f5 Qc7 19. Nd5 Bxd5 20. exd5 Nc5 21. f6 gxf6 22.
gxf6 Nxd3 23. Qxd3 Bxf6 24. Rdf1 Bd8 25. Rhg1 Qd7 26. Rg7 Bxh4 27. Rh7 Rxh7 28.
Qxh7 Qe7 29. Qxh5 Rc4 30. b3 Rc3 31. Bb6 Rc8 32. Rh1 Bf6 33. Qf5 Rc3 34. Rg1 Kf8
35. Qh7 Qd7 36. Qh6+ Ke7 37. Rf1 1-0

[Event "FIDE Women's Grand Swiss"]
[Site "Samarkand UZB"]
[Date "2025.09.07"]
[Round "4.3"]
[White "Tan, Zhongyi"]
[Black "Salimova, Nurgyul"]
[Result "1/2-1/2"]
[WhiteTitle "GM"]
[BlackTitle "IM"]
[WhiteElo "2531"]
[BlackElo "2386"]
[WhiteFideId "8603642"]
[BlackFideId "2915138"]
[EventDate "2025.09.04"]

1. e4 e5 2. Nf3 Nc6 3. Bb5 a6 4. Ba4 Nf6 5. d3 d6 6. c4 Be7 7. Nc3 O-O 8. h3 Nd4
9. Nxd4 exd4 10. Ne2 c5 11. O-O Rb8 12. Bc2 b5 13. b3 Ne8 14. g4 g6 15. Bh6 Ng7
16. Qd2 bxc4 17. bxc4 Rb7 18. Ba4 Rb4 19. Bc6 Qb6 20. Bd5 Rb2 21. Qd1 Be6 22.
Nf4 Bd7 23. Qf3 Qd8 24. Rfb1 Rxb1+ 25. Rxb1 Bg5 26. Rb8 Qxb8 27. Bxg5 Ne6 28.
Bh6 Qd8 29. Bb7 Qf6 30. Bxf8 Nxf4 31. Be7 Nxh3+ 32. Qxh3 Qxe7 33. Bxa6 h5 34.
Qg3 Bxg4 35. a4 Qg5 36. f4 Qd8 37. Bb5 Qa5 38. f5 gxf5 39. exf5 Qd2 40. Bc6 Qd1+
41. Kh2 Qc2+ 42. Kg1 Qd1+ 43. Kh2 Qc2+ 44. Kg1 Qd1+ 1/2-1/2

[Event "FIDE Women's Grand Swiss"]
[Site "Samarkand UZB"]
[Date "2025.09.07"]
[Round "4.4"]
[White "Girya, Olga"]
[Black "Assaubayeva, Bibisara"]
[Result "1/2-1/2"]
[WhiteTitle "GM"]
[BlackTitle "GM"]
[WhiteElo "2386"]
[BlackElo "2505"]
[WhiteFideId "4195752"]
[BlackFideId "13708694"]
[EventDate "2025.09.04"]

1. d4 d5 2. c4 e6 3. Nf3 Nf6 4. e3 b6 5. Nc3 Bb7 6. b3 Nbd7 7. Bb2 Bd6 8. cxd5
exd5 9. Bd3 O-O 10. O-O a6 11. a3 Re8 12. b4 b5 13. a4 c6 14. Qb3 Nb6 15. Rfe1
h6 16. a5 Nc4 17. e4 dxe4 18. Nxe4 Nxe4 19. Rxe4 Rxe4 20. Bxe4 Nxb2 21. Qxb2 Qe7
22. Re1 Qf8 23. Re3 Rd8 24. h4 Bf4 25. Re1 Bd6 26. h5 Bxb4 27. Re3 Bd6 28. Bb1
c5 29. Qc2 f5 30. dxc5 Bxc5 31. Ba2+ Bd5 32. Re5 Bxa2 33. Qxa2+ Kh8 34. Qc2 Rc8
35. Nh4 Bd6 36. Ng6+ Kg8 37. Qd1 Qf6 38. Rd5 Qb2 39. Rxd6 Rc1 40. Rd8+ Kf7 41.
Rf8+ Ke6 42. Nf4+ Ke7 43. Ng6+ 1/2-1/2

[Event "FIDE Women's Grand Swiss"]
[Site "Samarkand UZB"]
[Date "2025.09.07"]
[Round "4.5"]
[White "Fataliyeva, Ulviyya"]
[Black "Muzychuk, Mariya"]
[Result "1-0"]
[WhiteTitle "IM"]
[BlackTitle "GM"]
[WhiteElo "2385"]
[BlackElo "2484"]
[WhiteFideId "13403052"]
[BlackFideId "14114550"]
[EventDate "2025.09.04"]

1. e4 c5 2. Nf3 Nc6 3. Bb5 e6 4. Bxc6 bxc6 5. d3 Qc7 6. O-O Ne7 7. h4 e5 8. h5
d6 9. Nh2 h6 10. f4 exf4 11. Bxf4 g5 12. Bd2 Bg7 13. Bc3 O-O 14. Bxg7 Kxg7 15.
Qd2 Be6 16. Qc3+ Kh7 17. Nd2 f5 18. exf5 Nxf5 19. Rae1 Nd4 20. Ndf3 Nb5 21. Qd2
Qd7 22. Qe3 Nc7 23. Qe4+ Bf5 24. Qe7+ Kg8 25. Nxg5 Qxe7 26. Rxe7 Nd5 27. Rf7
Rxf7 28. Nxf7 Kxf7 29. Rxf5+ Ke6 30. Rf2 Rg8 31. g4 Nf6 32. Re2+ Kf7 33. Rg2 d5
34. c3 d4 35. c4 a5 36. Kf2 Nh7 37. Nf3 Kf6 38. Rg1 Rb8 39. Rb1 Ng5 40. Nh4 Nf7
41. Kg3 Ne5 42. Rf1+ Ke6 43. Nf5 Nxd3 44. Nxh6 Nxb2 45. Re1+ Kd7 46. Nf5 Rd8 47.
h6 d3 48. Re7+ Kc8 49. Ne3 d2 50. h7 Nxc4 51. Nd1 Nd6 52. Kf4 c4 53. Rg7 c3 54.
Nxc3 Nb5 55. Nd1 Rf8+ 56. Kg3 Nd6 57. Rg8 Ne4+ 58. Kh4 1-0

[Event "FIDE Women's Grand Swiss"]
[Site "Samarkand UZB"]
[Date "2025.09.07"]
[Round "4.6"]
[White "Badelka, Olga"]
[Black "Tsolakidou, Stavroula"]
[Result "1/2-1/2"]
[WhiteTitle "IM"]
[BlackTitle "IM"]
[WhiteElo "2375"]
[BlackElo "2445"]
[WhiteFideId "13509926"]
[BlackFideId "4264312"]
[EventDate "2025.09.04"]

1. d4 Nf6 2. c4 c5 3. d5 b5 4. cxb5 a6 5. e3 e6 6. dxe6 fxe6 7. Nc3 axb5 8. Bxb5
Bb7 9. Nf3 Be7 10. Qe2 Nc6 11. O-O O-O 12. Bxc6 Bxc6 13. e4 Qe8 14. Re1 Qh5 15.
a4 Bd8 16. Bg5 Ba5 17. Bxf6 Rxf6 18. Nd2 Qxe2 19. Rxe2 Rff8 20. e5 Bxc3 21. bxc3
Bxa4 22. f3 Bc2 23. Rxa8 Rxa8 24. Kf2 Bd3 25. Re1 Ra2 26. Ke3 c4 27. Rc1 Kf7 28.
g4 g5 29. h3 Ke7 30. Ne4 Re2+ 31. Kd4 Bxe4 32. fxe4 Rh2 33. Kxc4 Rxh3 34. Kd4
Kf7 35. Rg1 Kg6 36. c4 h5 37. gxh5+ Kxh5 38. Rf1 Kg6 39. Rf8 Rh7 40. Ke3 Rf7 41.
Re8 g4 42. c5 Rf3+ 43. Kd2 g3 44. Ke2 Rc3 45. c6 dxc6 46. Rxe6+ Kf7 47. Rf6+ Ke7
48. Kf1 c5 49. Kg2 c4 50. Rc6 Kd7 51. Rd6+ Ke7 52. Rc6 1/2-1/2

[Event "FIDE Women's Grand Swiss"]
[Site "Samarkand UZB"]
[Date "2025.09.07"]
[Round "4.7"]
[White "Ushenina, Anna"]
[Black "Zhai, Mo"]
[Result "1/2-1/2"]
[WhiteTitle "GM"]
[BlackTitle "WGM"]
[WhiteElo "2409"]
[BlackElo "2380"]
[WhiteFideId "14110911"]
[BlackFideId "8600201"]
[EventDate "2025.09.04"]

1. d4 e6 2. c4 Bb4+ 3. Bd2 Bxd2+ 4. Qxd2 Nf6 5. Nc3 d5 6. e3 O-O 7. Nf3 Qe7 8.
Rc1 dxc4 9. Bxc4 c5 10. dxc5 Rd8 11. Qe2 Qxc5 12. O-O Nc6 13. Bb5 Bd7 14. Rfd1
Qe7 15. h3 Be8 16. a3 Rxd1+ 17. Rxd1 Rd8 18. Bd3 g6 19. Ne4 a6 20. Rc1 Rc8 21.
Rc2 Na7 22. Rxc8 Nxc8 23. Qc2 Nxe4 24. Bxe4 Nd6 25. Bd3 e5 26. Nd2 Bb5 27. Bxb5
Nxb5 28. Ne4 f5 29. Nc5 Nd6 30. Qd3 Nf7 31. Qc4 Qc7 32. Qb4 a5 33. Qb5 Nd6 34.
Qb3+ Qf7 35. Ne6 Qe7 36. Qd5 Nf7 37. Qc4 Nd6 38. Qd5 Nf7 39. Qc4 Nd6 40. Qd5 1/2-1/2

[Event "FIDE Women's Grand Swiss"]
[Site "Samarkand UZB"]
[Date "2025.09.07"]
[Round "4.8"]
[White "Khamdamova, Afruza"]
[Black "Krush, Irina"]
[Result "1-0"]
[WhiteTitle "WIM"]
[BlackTitle "GM"]
[WhiteElo "2409"]
[BlackElo "2366"]
[WhiteFideId "14210444"]
[BlackFideId "2012782"]
[EventDate "2025.09.04"]

1. e4 c5 2. Nf3 d6 3. d4 cxd4 4. Nxd4 Nf6 5. Nc3 Nc6 6. Bg5 e6 7. Qd2 a6 8.
O-O-O Bd7 9. f3 Nxd4 10. Qxd4 Be7 11. Kb1 Qc7 12. h4 b5 13. Qd2 O-O 14. e5 b4
15. Ne2 dxe5 16. Bxf6 Bxf6 17. Qxd7 Qa5 18. Qc6 Rac8 19. Qe4 Rfd8 20. Rc1 Qc5
21. g4 a5 22. g5 Be7 23. Bh3 a4 24. Rhd1 a3 25. b3 g6 26. Rd3 Kg7 27. Qe3 Rxd3
28. Qxc5 Rxb3+ 29. cxb3 Rxc5 30. Ng3 Rxc1+ 31. Kxc1 f5 32. gxf6+ Bxf6 33. h5 Bh4
34. Ne4 gxh5 35. Bxe6 Kg6 36. Kd2 Be7 37. Kd3 h4 38. Kc4 Bf8 39. Kd5 Bg7 40. Bh3
Kf7 41. Nf2 1-0

[Event "FIDE Women's Grand Swiss"]
[Site "Samarkand UZB"]
[Date "2025.09.07"]
[Round "4.9"]
[White "Ouellet, Maili-Jade"]
[Black "Bulmaga, Irina"]
[Result "0-1"]
[WhiteTitle "WGM"]
[BlackTitle "IM"]
[WhiteElo "2348"]
[BlackElo "2400"]
[WhiteFideId "2620472"]
[BlackFideId "13903063"]
[EventDate "2025.09.04"]

1. d4 Nf6 2. c4 e6 3. Nc3 Bb4 4. e3 O-O 5. Ne2 Re8 6. a3 Bf8 7. Nf4 d5 8. cxd5
exd5 9. Bd3 b6 10. O-O Ba6 11. Bxa6 Nxa6 12. Qa4 Qc8 13. Ncxd5 Nxd5 14. Nxd5 c5
15. Bd2 Qb7 16. Nc3 cxd4 17. exd4 Nc7 18. Rfe1 Red8 19. Re4 Ne6 20. Be3 Rac8 21.
Rg4 f5 22. Rh4 Be7 23. Rh3 Bf6 24. Qb3 Qf7 25. Nd5 Rd6 26. Re1 f4 27. Nxf6+ Qxf6
28. Bd2 Qf7 29. d5 Nc7 30. Qc2 Rg6 31. Re5 Rd8 32. Rf5 Qe7 33. Bb4 Qd7 34. d6
Ne8 35. Rfh5 Nxd6 36. Rxh7 Nf7 37. Be1 Qe6 38. Kf1 Nh6 39. R7xh6 Rxh6 40. Rxh6
Qxh6 41. Qb3+ Kh8 42. Kg1 Re8 43. Bc3 Qg6 44. Qd1 f3 45. g3 Qe4 46. h3 Kh7 47.
Kh2 Re7 48. Kg1 Qf5 49. g4 Rd7 50. gxf5 Rxd1+ 51. Kh2 Rd5 52. f6 gxf6 53. Bxf6
Kg6 54. Bc3 Rg5 55. h4 Rg2+ 56. Kh3 Kf5 57. Bd4 Ke4 58. Be3 Kf5 59. h5 Rg1 60.
h6 Kg6 61. Kh2 Rb1 62. Bd4 Kxh6 63. Kg3 Rd1 64. Be3+ Kg6 65. Kxf3 Kf5 66. Ke2
Rb1 67. Bd4 Ke4 68. Bc3 b5 69. f3+ Kf4 70. Bd2+ Kg3 71. Bc3 Kg2 72. f4 Rf1 73.
Be5 Rf3 74. Bd4 a6 75. Be5 Rh3 76. Bc3 Rf3 77. Be5 a5 78. Kd2 b4 79. axb4 axb4
80. Ke2 b3 81. Kd2 Kh3 82. Ke2 Kg4 83. Bd6 Rh3 84. Kd2 Kf5 85. Be5 Ke4 86. Bb8
Rd3+ 87. Ke2 Rc3 88. Be5 Rc2+ 89. Kf1 Ke3 90. Kg1 Kf3 91. Kh1 Rg2 92. Bc3 Rg4
93. f5 Kf2 94. Be5 Rh4+ 95. Bh2 Rh6 96. f6 Rxf6 97. Bg1+ Kf1 98. Bh2 Rf7 0-1

[Event "FIDE Women's Grand Swiss"]
[Site "Samarkand UZB"]
[Date "2025.09.07"]
[Round "4.10"]
[White "Karimova, Guldona"]
[Black "Stefanova, Antoaneta"]
[Result "0-1"]
[WhiteTitle "WIM"]
[BlackTitle "GM"]
[WhiteElo "2324"]
[BlackElo "2395"]
[WhiteFideId "14210410"]
[BlackFideId "2902257"]
[EventDate "2025.09.04"]

1. e4 d6 2. d4 Nf6 3. Nc3 e5 4. Nf3 Nbd7 5. Bc4 Be7 6. O-O O-O 7. Re1 c6 8. a4
h6 9. h3 Re8 10. Be3 exd4 11. Bxd4 Bf8 12. a5 Qc7 13. Nd2 Ne5 14. f4 Nxc4 15.
Nxc4 d5 16. Nd2 Qxf4 17. Rf1 Qg3 18. Ne2 Qh4 19. Rf4 Qh5 20. e5 c5 21. Nf3 Ne4
22. Rh4 Qf5 23. Be3 g5 24. Rg4 Rxe5 25. Nxe5 Qxe5 26. Rxe4 Qxe4 27. Bf2 d4 28.
Ng3 Qc6 29. b4 b6 30. Qf1 Bb7 31. a6 Bc8 32. Nh5 Qg6 33. Qe2 Bf5 34. Bg3 Rd8 35.
Be5 Re8 36. Re1 Re6 37. Qf3 c4 38. Nf6+ Rxf6 39. Bxf6 Qxf6 40. Rf1 d3 41. c3 d2
42. g4 Bxb4 43. gxf5 Bxc3 44. Kg2 Bd4 45. Qe4 c3 46. Kf3 b5 0-1

[Event "FIDE Women's Grand Swiss"]
[Site "Samarkand UZB"]
[Date "2025.09.07"]
[Round "4.11"]
[White "Dronavalli, Harika"]
[Black "Balajayeva, Khanim"]
[Result "1/2-1/2"]
[WhiteTitle "GM"]
[BlackTitle "IM"]
[WhiteElo "2467"]
[BlackElo "2331"]
[WhiteFideId "5015197"]
[BlackFideId "13406396"]
[EventDate "2025.09.04"]

1. d4 d5 2. Nf3 Nf6 3. Bf4 e6 4. e3 c5 5. Be2 Nc6 6. O-O Bd6 7. dxc5 Bxc5 8. c4
O-O 9. Nc3 dxc4 10. Bxc4 Be7 11. Rc1 Nh5 12. Ne5 Nxf4 13. exf4 Nxe5 14. fxe5 Qa5
15. Qe2 Bd7 16. Bb5 Rfd8 17. Bxd7 Rxd7 18. a3 Rad8 19. Rcd1 Rxd1 20. Rxd1 Rxd1+
21. Nxd1 Bd8 22. g3 Bc7 23. f4 Qd5 24. Nf2 Bb6 25. Kf1 h6 26. Qc2 Qf3 27. Qc8+
Kh7 28. Qc2+ Kg8 29. Qc8+ Kh7 30. Qc2+ Kg8 1/2-1/2

[Event "FIDE Women's Grand Swiss"]
[Site "Samarkand UZB"]
[Date "2025.09.07"]
[Round "4.12"]
[White "Vantika, Agrawal"]
[Black "Kosteniuk, Alexandra"]
[Result "0-1"]
[WhiteTitle "IM"]
[BlackTitle "GM"]
[WhiteElo "2381"]
[BlackElo "2472"]
[WhiteFideId "25050389"]
[BlackFideId "4128125"]
[EventDate "2025.09.04"]

1. d4 Nf6 2. Nf3 d5 3. c3 c6 4. Bf4 Nh5 5. Be3 Nd7 6. g3 e6 7. Bg2 Bd6 8. O-O
O-O 9. c4 f5 10. Bg5 Qe8 11. e3 dxc4 12. Nfd2 Nb6 13. Bf4 Nxf4 14. exf4 c5 15.
Na3 cxd4 16. Naxc4 Bc7 17. Rc1 Bd7 18. Na5 Nd5 19. Nxb7 Bxf4 20. Bxd5 Bxd2 21.
Qxd2 exd5 22. Rfe1 Qb8 23. Nc5 Qd6 24. f4 Rae8 25. Qxd4 Rxe1+ 26. Rxe1 Re8 27.
Re5 Bc6 28. b4 Rxe5 29. fxe5 Qh6 30. b5 Qc1+ 31. Kg2 Qc2+ 32. Kh3 Ba8 33. e6 Qe2
34. Qf4 g6 35. Qb8+ Kg7 36. Qxa8 Qf1+ 37. Kh4 Qg2 38. h3 Qf3 39. g4 Qf2+ 40. Kg5
h6# 0-1

[Event "FIDE Women's Grand Swiss"]
[Site "Samarkand UZB"]
[Date "2025.09.07"]
[Round "4.13"]
[White "Wafa, Shrook"]
[Black "Yip, Carissa"]
[Result "0-1"]
[WhiteTitle "WGM"]
[BlackTitle "IM"]
[WhiteElo "2202"]
[BlackElo "2458"]
[WhiteFideId "10609970"]
[BlackFideId "2090732"]
[EventDate "2025.09.04"]

1. e4 e5 2. Nf3 Nc6 3. Bc4 Bc5 4. d3 d6 5. h3 h6 6. Be3 Bb6 7. Nc3 Na5 8. Nd5
Ne7 9. Nxb6 axb6 10. Bb3 Nxb3 11. axb3 Rxa1 12. Qxa1 f5 13. exf5 Nxf5 14. Qa4+
c6 15. O-O O-O 16. Qb4 c5 17. Qe4 Qc7 18. Nh4 Rf6 19. Ra1 Ne7 20. Ra8 d5 21. Qg4
Kh7 22. Qh5 Rf8 23. Nf3 Nc6 24. Kf1 Kg8 25. Qg6 Ne7 26. Qh5 Rf5 27. Qe8+ Rf8 28.
Qh5 Nf5 29. Ke2 e4 30. dxe4 dxe4 31. Nd2 Nxe3 32. fxe3 Bg4+ 33. Qxg4 Rxa8 34.
Qxe4 Rd8 35. Nf3 Qg3 36. Ne5 Re8 37. Qd5+ Kh8 38. Ng4 Qc7 39. Qf5 Qe7 40. Qg6
Qe6 41. Qd3 Qe4 42. Qxe4 Rxe4 43. Kd3 Re6 44. e4 Rd6+ 45. Ke2 Kg8 46. Nf2 b5 47.
Nd3 b6 48. Nf4 Rd4 49. Ke3 Rd1 50. Nd5 Rg1 51. Kf3 Rb1 52. h4 Rxb2 53. Ne3 Kf7
54. g4 Ke6 55. Ke2 Ke5 56. Kd3 Rb1 57. Nf5 Rd1+ 58. Ke2 Rc1 59. Kd3 Rg1 60. Nxg7
Rxg4 61. Nf5 h5 62. Ne7 Rg3+ 63. Kd2 Kxe4 64. Nc8 Rg2+ 65. Kc3 b4+ 66. Kb2 Rg6 0-1

[Event "FIDE Women's Grand Swiss"]
[Site "Samarkand UZB"]
[Date "2025.09.07"]
[Round "4.14"]
[White "Injac, Teodora"]
[Black "Guo, Qi"]
[Result "0-1"]
[WhiteTitle "IM"]
[BlackTitle "IM"]
[WhiteElo "2454"]
[BlackElo "2371"]
[WhiteFideId "932400"]
[BlackFideId "8604002"]
[EventDate "2025.09.04"]

1. d4 Nf6 2. c4 e6 3. Nc3 Bb4 4. e3 O-O 5. a3 Bxc3+ 6. bxc3 c5 7. Bd3 Nc6 8. Rb1
b6 9. e4 d6 10. Ne2 e5 11. d5 Ne7 12. h4 Nh5 13. Ng1 Nf4 14. Bf1 f5 15. g3 fxe4
16. gxf4 exf4 17. h5 Qe8 18. Nh3 e3 19. Bd3 Nf5 20. Nxf4 Nh6 21. Qf3 exf2+ 22.
Kxf2 Ng4+ 23. Kg3 Ne5 24. Qe4 Bf5 25. Qxf5 Rxf5 26. Bxf5 h6 27. Rb2 Qa4 28. Be6+
Kh7 29. Rg2 Qxc4 30. Bd2 Rf8 31. Rhg1 Nd3 32. Nxd3 Qxd3+ 33. Kh2 Kh8 34. Be1 Rf5
35. Bxf5 Qxf5 36. Rg4 Qxh5+ 37. Kg3 Qxd5 38. c4 Qd3+ 39. Kf2 Qc2+ 40. Ke3 g5 41.
R1g3 b5 42. cxb5 d5 43. Bd2 Kg7 44. Ke2 d4 45. Rg1 Qb2 46. Rc1 Qxb5+ 47. Kf2 Kg6
48. Re4 Qd3 49. Re2 c4 50. Bb4 Qf5+ 51. Kg1 c3 52. Rf2 Qg4+ 53. Rg2 Qe4 54. Rcc2
a5 0-1